| 000 | 00611nab a2200181 4500 | ||
|---|---|---|---|
| 001 | 244442 | ||
| 003 | OSt | ||
| 005 | 20240111084236.0 | ||
| 007 | tu | ||
| 008 | 200917s2020||||||| | ||
| 040 |
_aDE-2950 _cDE-2950 |
||
| 245 | 0 | 0 |
_aKritischer Blick auf den Pegel _bHochwasser. Seit Tagen schrammt die Oder in Frankfurt am Grenzwert für Alarmstufe I. Das THW und die Feuerwehren stehen für den Ernstfall bereit/ _cLisa Mahlke |
| 264 | _c2023 | ||
| 653 | _aFrankfurt (Oder) | ||
| 653 | _aHochwasser | ||
| 773 | 0 |
_g35. Jahrgang (2024) Nr. 4 vom 05.01.2024, S. 13, mit Foto _tMärkische Oderzeitung |
|
| 942 |
_2z _cA |
||
| 999 |
_c372915 _d372915 |
||